| 000 | 00767nas a2200253 4500 | ||
|---|---|---|---|
| 001 | BR9206018 | ||
| 003 | BR-BrBNA | ||
| 005 | 20231205092901.0 | ||
| 007 | ta | ||
| 008 | 230509b bl.|||p| |||| 00| 00por d | ||
| 040 |
_aBR-BrBNA _bpor _cBiblioteca Nacional de Agricultura |
||
| 041 | _a(Pt) | ||
| 072 | _aM11 | ||
| 100 | 1 | _aZavala-Camin, L.A. | |
| 100 | 1 | _aSilva, J.N.A. da | |
| 245 | 1 | _aHistorico da pesquisa e pesca de atuns com espinhel no Brasil | |
| 246 | 1 | _aBrazilian history of research and longline tuna fishery | |
| 650 | _aATUM | ||
| 650 | _aPESCA | ||
| 650 | _aEQUIPAMENTO PESQUEIRO | ||
| 773 | 0 |
_tAtlantica (Brazil) _xISSN 0102-1656 _g(1991), v. 13(1) p. 107-114 _wBR9206018 |
|
| 909 |
_a202311 _bLúcia _c55 _dLúcia Elande |
||
| 942 |
_2AGRIS _n0 _cANA |
||
| 999 |
_c134876 _d134876 |
||